|
|
|
|
| LEADER |
00000nab a2200000 a 4500 |
| 001 |
vtls011117896 |
| 003 |
SK-MaSNL |
| 005 |
20260303145321.0 |
| 008 |
230222|2007 xo |||||||||||||||||slo| |
| 015 |
|
|
|a SNBRB
|
| 035 |
|
|
|a (uuid)042f63b3-e89c-4866-b2b6-e891ba5d685e
|
| 035 |
|
|
|a (urnnbn)urn:nbn:sk:snk:ar-a08m5b
|
| 035 |
|
|
|a urn:nbn:sk:snk-ab9o85
|
| 040 |
|
|
|a SNKBUCL
|b slo
|c SNKBUCL
|e AACR2
|
| 041 |
0 |
|
|a slo
|
| 044 |
|
|
|a xo
|c SK
|
| 100 |
1 |
|
|a Panenková, Petra
|4 aut
|9 653053
|
| 245 |
1 |
0 |
|a ANALÝZA HODNÔT HRÚBOK MÄKKÝCH TKANÍV TVÁRE A ICH VYUŽITIE PRI REKONŠTRUKCII PODOBY TVÁRE PODĽA LEBKY
|c Petra Panenková, Radoslav Beňuš, Soňa Masnicová
|
| 700 |
1 |
|
|a Beňuš, Radoslav,
|d 1975-
|4 aut
|9 27444
|
| 700 |
1 |
|
|a Masnicová, Soňa,
|d 1970-
|4 aut
|9 209587
|
| 773 |
0 |
|
|t Slovenská antropológia : bulletin Slovenskej antropologickej spoločnosti pri SAV
|g Roč. 10, č. 2 (2007), s. 62-68
|
| 954 |
|
|
|a odborná, vedecká literatúra pôvodná (slovenská)
|2 lita
|
| 958 |
|
|
|a OND
|
| 958 |
|
|
|a EUIPO
|
| 958 |
|
|
|a article13
|
| 999 |
|
|
|c 2002140
|d 2004070
|